Normal view
MARC view
- Dye, Fredk.W
Entry Personal Name
001 - CONTROL NUMBER
- control field: 7772
003 - CONTROL NUMBER IDENTIFIER
- control field: OSt
005 - DATE AND TIME OF LATEST TRANSACTION
- control field: 20250823155637.0
008 - FIXED-LENGTH DATA ELEMENTS
- fixed length control field: 250823|| aca||aabn | a|a d
040 ## - CATALOGING SOURCE
- Original cataloging agency: OSt
- Transcribing agency: OSt
100 ## - HEADING--PERSONAL NAME
- Personal name: Dye, Fredk.W
670 ## - SOURCE DATA FOUND
- Source citation: Work cat.: (OSt)1534: Dye, Fredk.W ., Hot water supply / , 1948.
